<?xml version="1.0" encoding="UTF-8"?><marc:collection xmlns:marc="http://www.loc.gov/MARC21/slim">
  <marc:record>
    <marc:leader>00000nam  2200000za 4500</marc:leader>
    <marc:controlfield tag="001">9.695217</marc:controlfield>
    <marc:controlfield tag="003">CaOODSP</marc:controlfield>
    <marc:controlfield tag="005">20240209132435</marc:controlfield>
    <marc:controlfield tag="007">cr |||||||||||</marc:controlfield>
    <marc:controlfield tag="008">150407s1997||||xxc|||||o    f|0| 0 eng d</marc:controlfield>
    <marc:datafield tag="040" ind1=" " ind2=" ">
      <marc:subfield code="a">CaOODSP</marc:subfield>
      <marc:subfield code="b">eng</marc:subfield>
    </marc:datafield>
    <marc:datafield tag="043" ind1=" " ind2=" ">
      <marc:subfield code="a">n-cn---</marc:subfield>
    </marc:datafield>
    <marc:datafield tag="086" ind1="1" ind2=" ">
      <marc:subfield code="a">C89-4/36-1997-1E-PDF</marc:subfield>
    </marc:datafield>
    <marc:datafield tag="110" ind1="2" ind2=" ">
      <marc:subfield code="a">Atlantic Canada Opportunities Agency.</marc:subfield>
    </marc:datafield>
    <marc:datafield tag="245" ind1="1" ind2="4">
      <marc:subfield code="a">The Atlantic Canada advantage : </marc:subfield>
      <marc:subfield code="h">[electronic resource]</marc:subfield>
      <marc:subfield code="b">a comparison of business costs in Atlantic Canada, the United States and Europe - abstract / </marc:subfield>
      <marc:subfield code="c">by KPMG Canada ; published by Prospectus Inc. ; sponsored by Atlantic Canada Opportunities Agency and Department of Foreign Affairs and International Trade. </marc:subfield>
    </marc:datafield>
    <marc:datafield tag="260" ind1=" " ind2=" ">
      <marc:subfield code="a">Ottawa - Ontario : </marc:subfield>
      <marc:subfield code="b">Atlantic Canada Opportunities Agency </marc:subfield>
      <marc:subfield code="c">[1997].</marc:subfield>
    </marc:datafield>
    <marc:datafield tag="300" ind1=" " ind2=" ">
      <marc:subfield code="a">5p.</marc:subfield>
    </marc:datafield>
    <marc:datafield tag="500" ind1=" " ind2=" ">
      <marc:subfield code="a">"KPMG Canada has conducted a comparison of the costs of doing business in Atlantic Canada, the United States and five European countries in 1997. This international study is an update and expansion of the KPMG study, which compared the costs of doing business in Atlantic Canada and the United States."--Preface.</marc:subfield>
    </marc:datafield>
    <marc:datafield tag="520" ind1="3" ind2=" ">
      <marc:subfield code="a">KPMG Canada has conducted a comparison of the costs of doing business in Atlantic Canada, the United States and five European countries in 1997. This international study is an update and expansion of the KPMG study, which compared the costs of doing business in Atlantic Canada and the United States.--Preface</marc:subfield>
    </marc:datafield>
    <marc:datafield tag="590" ind1=" " ind2=" ">
      <marc:subfield code="a">11-29-Supp</marc:subfield>
      <marc:subfield code="b">2011-11-25</marc:subfield>
    </marc:datafield>
    <marc:datafield tag="710" ind1="2" ind2=" ">
      <marc:subfield code="a">Prospectus Inc.</marc:subfield>
    </marc:datafield>
    <marc:datafield tag="710" ind1="2" ind2=" ">
      <marc:subfield code="a">KPMG Canada (Firm)</marc:subfield>
    </marc:datafield>
    <marc:datafield tag="775" ind1="0" ind2="8">
      <marc:subfield code="t">L'avantage concurrentiel du Canada atlantique : </marc:subfield>
      <marc:subfield code="w">(CaOODSP)9.639363</marc:subfield>
    </marc:datafield>
    <marc:datafield tag="776" ind1="0" ind2="#">
      <marc:subfield code="t">The Atlantic Canada advantage : </marc:subfield>
      <marc:subfield code="w">(CaOODSP)9.659903</marc:subfield>
    </marc:datafield>
    <marc:datafield tag="776" ind1="0" ind2="#">
      <marc:subfield code="t">L'avantage concurrentiel du Canada Atlantique : </marc:subfield>
      <marc:subfield code="w">(CaOODSP)9.659904</marc:subfield>
    </marc:datafield>
    <marc:datafield tag="856" ind1="4" ind2="0">
      <marc:subfield code="a">http://publications.gc.ca</marc:subfield>
      <marc:subfield code="q">PDF</marc:subfield>
      <marc:subfield code="s">58 KB</marc:subfield>
      <marc:subfield code="u">https://publications.gc.ca/collections/Collection/C89-4-36-1997-1E.pdf</marc:subfield>
    </marc:datafield>
  </marc:record>
</marc:collection>
